000 00430nam a2200181Ia 4500
005 20260611122649.0
008 131103s9999 xx 000 0 und d
040 _aLoreto College
041 _aEnglish
082 _a842
_bCOR
100 _aCorneille
245 _aPolyeucte
_b Martyr
_cCorneille
260 _aParis
_bLibrairie hachette
_c1935
300 _a93p.
650 _aFrench drama
850 _aLCLIB
942 _cBK
999 _c24076
_d74555